| 000 | 004490000a22001690004500 | ||
|---|---|---|---|
| 005 | 20120302060903.0 | ||
| 942 | _cBOOK | ||
| 100 | _a Sharma,Shrirama Acharya | ||
| 245 | _a Fulfilment of human necessities through Gayatri Science | ||
| 260 | _aBombay:Ashok N.Rawal,1985 | ||
| 300 | _axii,92p. | ||
| 040 | _aENG | ||
| 365 | _bRs.45/- | ||
| 650 | _aPhilosophy-Gayatri Mantra | ||
| 650 | _aGayatri-Meditation-Upasana | ||
| 650 | _aHoly Knowledge. | ||
| 999 |
_c352439 _d352436 |
||